Elementary real and complex analysis
Αποθηκεύτηκε σε:
| Κύριος συγγραφέας: | |
|---|---|
| Μορφή: | Βιβλίο |
| Γλώσσα: | English |
| Δημοσίευση: |
New York :
Dover Publications,
1996
|
| Σειρά: | Dover books on mathematics
|
| Θέματα: | |
| Ετικέτες: |
Προσθήκη ετικέτας
Δεν υπάρχουν, Καταχωρήστε ετικέτα πρώτοι!
|
MARC
| LEADER | 00000nam a2200000 i 4500 | ||
|---|---|---|---|
| 001 | 1/96815 | ||
| 008 | 991215s1996 eng d | ||
| 020 | |a 0486689220 | ||
| 035 | |l 10055903 | ||
| 040 | |a GR-MY-UA |b gre |e aacr | ||
| 041 | 0 | |a eng | |
| 082 | 0 | |a 515 |2 (22) | |
| 100 | 1 | |a Shilov, G. E. |q (Georgi Evgenevich) | |
| 245 | 1 | 0 | |a Elementary real and complex analysis / |c Georgi E. Shilov ; revised English edition translated and edited by Richard A. Silverman |
| 260 | |a New York : |b Dover Publications, |c 1996 | ||
| 300 | |a xi, 516 p.; |b ill.; |c 22 cm. | ||
| 490 | 1 | |a Dover books on mathematics | |
| 504 | |a Includes bibliographical references and index | ||
| 650 | 0 | 0 | |a Mathematical analysis. |
| 830 | 0 | |a Dover books on mathematics | |
| 852 | |a INST |b CHIOS |e 20050610 |h 515 SHI |p 005200021680 |q 005200021680 |t BK |y 0 | ||
| 852 | |a INST |b SAMOS |e 19991215 |h 515 SHI |p 005300016247 |q 005300016247 |t BK |y 0 | ||
| 901 | |a BIBL3-1999-3 | ||
| 901 | |a BIB2-2005-2 | ||
| 909 | |a Σ |b 067513 | ||
| 909 | |a X |b 118790 | ||
| 920 | |a ΔΙΕΥΡΥΝΣΗ |b ΕΠΕΑΕΚ-ΤΜΟΔ |y ΧΙΟΣ |z 2005-12 | ||
| 922 | |a 3ΕΛΗ |b 199911 |c ΕΠΕΑΕΚ/ΜΑΘ |d LEADER | ||
| 970 | |a ΠΟΥΡΝΑΡΑΣ |b ΔΗΜΗΤΡΗΣ |z 1999/12/15 | ||